Animali - difficile - Statistics

Statistiche generali
  • Questo quiz è stato fatto 238 volte
  • Il punteggio medio è 8 su 16
Statistiche sulle risposte
con Immagini Risposta % Corretto
kiwi
81%
beluga
72%
fennec / volpe del deserto
62%
dugongo
60%
quokka
58%
axolotl
57%
toporagno
55%
echidna
47%
ocelot
46%
okapi
43%
dingo
42%
licaone
41%
wallaby
41%
tritone
40%
fossa
28%
orice
27%
Nessun quiz corrispondente trovato
Distribuzione punteggi
Percentuale di utenti per punteggio
Percentile per numero di risposta
I tuoi punteggi nel tempo
Non hai fatto questo quiz